000 00851nam a22003137a 4500
001 BR9104051
003 BR-BrBNA
005 20230928093635.0
007 ta
008 230509b bl.||||| |||| 00| 0 por d
040 _aBR-BrBNA
_bpor
_cBiblioteca Nacional de Agricultura
041 _a(Por)
072 _aF01
090 _ F01 BR9104051
100 1 _aNagai, H.
100 1 _aLisbao, R.S.
100 1 _aPassos, F.A.
100 1 _aFornasier, J.B.
100 1 _aPaschoalino, J.E.
100 1 _aImenes, S.D.L.
110 1 _aCoordenadoria de Pesquisa Agropecuaria, Sao Paulo, SP (Brasil)
_92987
245 1 _aPrograma Integrado de Pesquisa Olericolas
260 3 _aSao Paulo, SP (Brasil):
_c1985.
300 _a36 p.
650 _aOLERICULTURA
650 _aPESQUISA AGRICOLA
909 _a202309
_bLucia
_c55
_dLucia Elande
942 _cBK
999 _c46186
_d46186